000 00931nam a22003257a 4500
001 BR2015004240
003 BR-BrBNA
005 20230928104709.0
007 ta
008 230509b bl.||||| |||| 00| 0 por d
040 _aBR-BrBNA
_bpor
_cBiblioteca Nacional de Agricultura
041 _a(Por)
072 _aH20
_b3105
_b4120
090 _ 3105 BR2015004240
100 1 _aSilva, H.R.
110 1 _aUniversidade Federal de Lavras, MG (Brasil)
_0Tese (Mestrado)
245 1 _aMancha de Cercospora em Toona ciliata no Brasil
260 3 _aLavras, MG (Brasil):
_c2014.
300 _a63 p.
500 _aSummaries (Eng, Por); 45 ref.; 12 illus.
650 _aCEDRO AUSTRALIANO
650 _aTOONA CILIATA
650 _aCERCOSPORIOSE
650 _aFUNGO
650 _aMICROSCOPIA ELETRÔNICA
650 _aCRIAÇÃO MASSAL
650 _aCONTROLE BIOLÓGICO
909 _a202309
_bLucia
_c55
_dLucia Elande
942 _cBK
999 _c81266
_d81266